000 00530nam a22002057a 4500
003 NUST - PNEC
005 20170116180946.0
008 150907b xxu||||| |||| 00| 0 eng d
020 _a0070273669
020 _a9781259028564
020 _a1259028569
040 _cLIBRARY
082 _a621.3819 HAY
100 _98944
_a Hayes, John P.
245 _aComputer architecture and organization
_c John P. Hayes
250 _a3rd ed.
260 _cc.1998
650 _98931
_aComputer architecture
_xEL, MIS
942 _2ddc
_cBK
999 _c66303
_d66303